Resumen de la verdadera historia del General Juan Pablo Duarte y Diez (Record no. 7654)
[ view plain ]
| 000 -LEADER | |
|---|---|
| campo de control de longitud fija | 00394nam a2200133Ia 4500 |
| 001 - NÚMERO DE CONTROL | |
| campo de control | 3996 |
| 008 - DATOS DE LONGITUD FIJA--INFORMACIÓN GENERAL | |
| campo de control de longitud fija | 241024s9999 xx 000 0 und d |
| 082 ## - NÚMERO DE LA CLASIFICACIÓN DECIMAL DEWEY | |
| Número de clasificación | RD/923.2/P438r/2015 |
| 100 ## - ENTRADA PRINCIPAL--NOMBRE DE PERSONA | |
| Nombre de persona | José Joaquín Pérez Saviñón |
| 245 #0 - MENCIÓN DEL TÍTULO | |
| Título | Resumen de la verdadera historia del General Juan Pablo Duarte y Diez |
| 260 ## - PUBLICACIÓN, DISTRIBUCIÓN, ETC. | |
| Nombre del editor, distribuidor, etc. | Instituto Duartiano |
| Fecha de publicación, distribución, etc. | 2015 |
| 901 ## - ELEMENTOS DE DATOS A LOCAL LDA (RLIN) | |
| a | 4/7/2015 2:35:23 a.m. |
No items available.